Θεμελιώδεις αρχές συστημάτων βάσεων δεδομένων
Αποθηκεύτηκε σε:
| Κύριος συγγραφέας: | |
|---|---|
| Άλλοι συγγραφείς: | , , , |
| Μορφή: | Βιβλίο |
| Γλώσσα: | Greek English |
| Δημοσίευση: |
Αθήνα :
Διάυλος,
c2001.
|
| Έκδοση: | 3η έκδ., αναθ. |
| Θέματα: | |
| Ετικέτες: |
Προσθήκη ετικέτας
Δεν υπάρχουν, Καταχωρήστε ετικέτα πρώτοι!
|
MARC
| LEADER | 00000cam a2200000 i 4500 | ||
|---|---|---|---|
| 001 | 1/37149 | ||
| 008 | 020827s2001 gr | ||| |||| ||gre|| | ||
| 020 | |a 9605311100 |q (τ. 1) | ||
| 020 | |a 9605311194 |q (τ. 2) | ||
| 035 | |l 10086010 | ||
| 040 | |a GR-MyUa |b gre |e AACR2 | ||
| 041 | 1 | |a gre |h eng | |
| 082 | 7 | |a 005.74 |2 (22) | |
| 100 | 1 | |a Elmasri, Ramez. | |
| 245 | 1 | 0 | |a Θεμελιώδεις αρχές συστημάτων βάσεων δεδομένων / |c Elmarsri, Navathe ; μετάφραση και επιστημονική επιμέλεια Μιχάλης Χατζόπουλος ; μεταφραστική επιμέλεια Δημήτρης Γκούσκος. |
| 250 | |a 3η έκδ., αναθ. | ||
| 260 | |a Αθήνα : |b Διάυλος, |c c2001. | ||
| 300 | |a 2 τ. : |b εικ. ; |c 24 εκ. | ||
| 504 | |a Βιβλιογραφία τ. 1 (σ. 635-648). Ευρετήριο. | ||
| 504 | |a Βιβλιογραφία τ. 2 (σ. 577-598). Ευρετήριο. | ||
| 650 | 0 | |a Database management. | |
| 650 | 0 | |a System design. | |
| 650 | 0 | |a Data structures (Computer science) | |
| 650 | 0 | |a Database design. | |
| 700 | 1 | |a Navathe, Sham. | |
| 700 | 1 | |a Χατζόπουλος, Κώστας, |e trl |e edt | |
| 700 | 1 | |a Γκούσκος, Δημήτρης, |e trl | |
| 700 | 1 | |a Βασιλάκης, Κώστας, |e trl | |
| 765 | 0 | 8 | |i Μετάφραση του: |t Fundamentals of database systems / |
| 852 | |a INST |b LESVOS |e 20030620 |h 005.74 ELM |p 005100024566 |q 005100024566 |t BK |y 0 |z τ.1 | ||
| 852 | |a INST |b LESVOS |e 20030620 |h 005.74 ELM |p 005100024567 |q 005100024567 |t BK |y 0 |z τ.1 | ||
| 852 | |a INST |b LESVOS |e 20030620 |h 005.74 ELM |p 005100024566 |q 005100024566 |t BK |v τ.1: |y 0 |z τ.1 | ||
| 852 | |a INST |b LESVOS |e 20030620 |h 005.74 ELM |p 005100024567 |q 005100024567 |t BK |v τ.1: |y 0 |z τ.1 | ||
| 852 | |a INST |b SAMOS |e 20020828 |h 005.74 ELM |p 005300019957 |q 005300019957 |t BK |y 0 |z τ.2 | ||
| 852 | |a INST |b SAMOS |e 20020828 |h 005.74 ELM |p 005300019958 |q 005300019958 |t BK |y 0 |z τ.2 | ||
| 852 | |a INST |b SAMOS |e 20020828 |h 005.74 ELM |p 005300019959 |q 005300019959 |t BK |y 23 |z τ.2 | ||
| 852 | |a INST |b SAMOS |e 20020828 |h 005.74 ELM |p 005300019960 |q 005300019960 |t BK |y 0 |z τ.2 | ||
| 852 | |a INST |b SAMOS |e 20020828 |h 005.74 ELM |p 005300019963 |q 005300019963 |t BK |y 0 |z τ.1 | ||
| 852 | |a INST |b SAMOS |e 20020827 |h 005.74 ELM |p 005300020010 |q 005300020010 |t BK |y 0 |z τ.1 | ||
| 852 | |a INST |b SAMOS |e 20020828 |h 005.74 ELM |p 005300020017 |q 005300020017 |t BK |y 0 |z τ.2 | ||
| 852 | |a INST |b SAMOS |e 20020828 |h 005.74 ELM |p 005300032300 |q 005300032300 |t BK |y 0 |z τ.1 | ||
| 852 | |a INST |b SAMOS |e 20020828 |h 005.74 ELM |p 005300032301 |q 005300032301 |t BK |y 0 |z τ.1 | ||
| 852 | |a INST |b SAMOS |e 20020828 |h 005.74 ELM |p 005300019957 |q 005300019957 |t BK |v τ.2: |y 0 |z τ.2 | ||
| 852 | |a INST |b SAMOS |e 20020828 |h 005.74 ELM |p 005300019958 |q 005300019958 |t BK |v τ.2: |y 0 |z τ.2 | ||
| 852 | |a INST |b SAMOS |e 20020828 |h 005.74 ELM |p 005300019959 |q 005300019959 |t BK |v τ.2: |y 23 |z τ.2 | ||
| 852 | |a INST |b SAMOS |e 20020828 |h 005.74 ELM |p 005300019960 |q 005300019960 |t BK |v τ.2: |y 0 |z τ.2 | ||
| 852 | |a INST |b SAMOS |e 20020828 |h 005.74 ELM |p 005300019963 |q 005300019963 |t BK |v τ.1: |y 0 |z τ.1 | ||
| 852 | |a INST |b SAMOS |e 20020827 |h 005.74 ELM |p 005300020010 |q 005300020010 |t BK |v τ.1: |y 0 |z τ.1 | ||
| 852 | |a INST |b SAMOS |e 20020828 |h 005.74 ELM |p 005300020017 |q 005300020017 |t BK |v τ.2: |y 0 |z τ.2 | ||
| 852 | |a INST |b SAMOS |e 20020828 |h 005.74 ELM |p 005300032300 |q 005300032300 |t BK |v τ.1: |y 0 |z τ.1 | ||
| 852 | |a INST |b SAMOS |e 20020828 |h 005.74 ELM |p 005300032301 |q 005300032301 |t BK |v τ.1: |y 0 |z τ.1 | ||
| 852 | |a INST |b SYROS |e 20061109 |h 005.74 ELM |p 005500007468 |q 005500007468 |t BK |y 0 |z τ.2 | ||
| 852 | |a INST |b SYROS |e 20061109 |h 005.74 ELM |p 005500007469 |q 005500007469 |t BK |y 0 |z τ.1 | ||
| 852 | |a INST |b SYROS |e 20061109 |h 005.74 ELM |p 005500007468 |q 005500007468 |t BK |v τ.2: |y 0 |z τ.2 | ||
| 852 | |a INST |b SYROS |e 20061109 |h 005.74 ELM |p 005500007469 |q 005500007469 |t BK |v τ.1: |y 0 |z τ.1 | ||
| 853 | |a INST |b LESVOS |h 005.74 ELM | ||
| 853 | |a INST |b SAMOS |h 005.74 ELM | ||
| 853 | |a INST |b SYROS |h 005.74 ELM | ||
| 901 | |a BIBL5-2007-1 | ||
| 901 | |a BIBL3-2002-2 | ||
| 901 | |a BIBL1-2003-2 | ||
| 901 | |a BIBL1-2003-2 | ||
| 922 | |a 5ΕΛΗ |b 200610 |c Βιβλιοθήκη Σύρου |d Glory Book | ||
| 950 | |a 188-2006-10-10 | ||
| 970 | |a Μαλαγάρη |b Φωτεινή |z 27/08/2002 | ||